00787nam a2200169 a 4500003000200000005001700002008004100019050002700060100003300087245020500120260009000325300004000415504004100455650004600496650002300542650005200565020250415142305.0060729s19uu xx 00 eng d aPHS LB 1049b.I84 2006 aIshiyama, Jennifer Hiroko F. aEffects of the research skills developed during the P.A.S.S. research on the preparedness of Southville International School and Colleges graduates for college research /cJennifer Hiroko F. Ishiyama. aLas Piñas City, Philippines :bSouthville International School and Colleges,c2006. a37 pages :billustrations ;c28 cm. aIncludes bibliographical references. aResearchxStudy and teaching (Secondary). aCollege readiness. aHigh school graduatesxPreparation for college.